000 00356nam a2200109Ia 4500
008 160523s9999 xx 000 0 und d
245 _aHuman Development - Different Perspectives
245 _cSeidl-de-Moura, Maria Lucia , ed
260 _c2012
650 _xPsychology.
856 _uhttp://www.intechopen.com/books/human-development-different-perspectives
999 _c294799
_d294799